| 000 | 02007cam a22003135a 4500 | ||
|---|---|---|---|
| 001 | 4214240 | ||
| 005 | 20171227111533.0 | ||
| 008 | 820603s1979 enka frb 101 0 eng d | ||
| 020 | _a0860958493 | ||
| 040 |
_aDLC _cDLC _dDLC _dEG-ScBUE _beng |
||
| 043 | _ae-uk--- | ||
| 082 | 0 | 4 |
_a388.4 _222 _bURB |
| 245 | 0 | 0 |
_aUrban planning and public transport / _cedited by Roy Cresswell. |
| 260 |
_aLancaster : _bConstruction Press, _c1979. |
||
| 300 |
_a172 p. : _bill. ; _c31 cm. |
||
| 500 | _a"Based on the conference of the same title held at the University of Nottingham in March 1979 and organized by the Construction Industry Conference Centre Limited in association with: the Royal Town Planning Institute; the Chartered Institute of Transport [and] the Transport and Road Research Laboratory"--P. [2] | ||
| 504 | _aIncludes bibliographical references and index. | ||
| 505 | 0 | _aUrban structure / Andrew Derbyshire and Henry Brown -- Plans for public transport / Brian T. Collins -- Re-structuring urban public transport / D. Scott Hellewell -- Residential area structure and layout / Gunnar Lagerqvist -- Public transport and the planning of residential areas / F.V. Webster and P.H. Bly -- Public transport in housing areas / Peter Engelbrecht -- The structure of town and city centres / David Gosling -- Central area transport infrastructure / G.H. Armitage -- Bus services in central areas / M. Harrison -- Journey to work / J.M. Wadsworth -- The siting and layout of industrial development / Clifford Tandy -- Conclusions / Ralph Bennett. | |
| 650 | 7 |
_aCity planning _zGreat Britain _xCongresses. _2BUEsh |
|
| 650 | 7 |
_aUrban transportation policy _zGreat Britain _xCongresses. _2BUEsh |
|
| 651 | _2BUEsh | ||
| 653 |
_bGGEN _cDecember2017 |
||
| 700 | 1 |
_aCresswell, Roy, _eeditor. |
|
| 710 | 2 | _aConstruction Industry Conference Centre. | |
| 710 | 2 | _aRoyal Town Planning Institute. | |
| 710 | 2 | _aChartered Institute of Transport. | |
| 710 | 2 | _aTransport and Road Research Laboratory. | |
| 942 | _2ddc | ||
| 999 |
_c25811 _d25783 |
||